[Event "TUR Cup"]
[Site "Denizli"]
[Date "2023.07.22"]
[Round "9"]
[White "Kamisli, Yigit"]
[Black "Alak, Agdar"]
[Result "1-0"]
[WhiteElo "1358"]
[BlackElo "1473"]
[PlyCount "26"]
[EventDate "2023.07.16"]
[EventType "team-tourn"]
[EventRounds "9"]
[EventCountry "TUR"]
[SourceTitle "CBM 215 Extra"]
[Source "ChessBase"]
[SourceDate "2023.09.30"]
[SourceVersion "1"]
[SourceVersionDate "2023.09.30"]
[SourceQuality "1"]

1. e4 e5 2. Nf3 Nf6 3. Nc3 Nc6 4. Bb5 a6 5. Bxc6 dxc6 6. Nxe5 Bc5 7. Nf3 Bg4 8. d3 Qe7 9. 0-0 0-0-0 10. h3 Bh5 11. Qe2 h6 12. Be3 g5 13. g4 Nxg4 1-0

[Event "Istanbul Redbull Masters"]
[Site "Istanbul"]
[Date "2019.11.24"]
[Round "6.14"]
[White "Alak, Agdar"]
[Black "Cil, Batuhan"]
[Result "1-0"]
[WhiteElo "1482"]
[BlackElo "1737"]
[PlyCount "125"]
[EventDate "2019.11.23"]
[EventType "k.o."]
[EventRounds "8"]
[EventCountry "TUR"]
[SourceTitle "CBM 193 Extra"]
[Source "ChessBase"]
[SourceDate "2020.01.31"]
[SourceVersion "1"]
[SourceVersionDate "2020.01.31"]
[SourceQuality "1"]

1. d4 Nf6 2. c4 e5 3. dxe5 Ng4 4. Nf3 Bc5 5. e3 Nc6 6. Nc3 0-0 7. Be2 Ngxe5 8. 0-0 Re8 9. a3 a5 10. Na4 Ba7 11. Rb1 d6 12. b4 axb4 13. axb4 Nxf3+ 14. Bxf3 Ne5 15. Be2 Bd7 16. Nc3 f5 17. Nd5 c6 18. Nf4 Qe7 19. Bb2 Rad8 20. Qb3 Ra8 21. Qd1 Rad8 22. Qb3 Kh8 23. Nd3 Ng4 24. Bxg4 fxg4 25. Nf4 Bf5 26. Ra1 Bb8 27. Nh5 Rg8 28. Qc3 d5 29. Ng3 Bg6 30. c5 h5 31. Ne2 Rdf8 32. g3 Kh7 33. Nf4 Bf7 34. Qc2+ Qe4 35. Qxe4+ dxe4 36. Rfd1 g5 37. Ne2 Bd5 38. Nc3 Rf5 39. Nxd5 cxd5 40. b5 Rgf8 41. Rd2 h4 42. c6 bxc6 43. bxc6 Rc8 44. Rc2 h3 45. c7 Rff8 46. cxb8Q Rxb8 47. Bd4 Rb7 48. Kf1 Rfb8 49. Rcc1 Rb3 50. Ke2 R8b5 51. Rc7+ Kg8 52. Ra8+ Rb8 53. Rxb8+ Rxb8 54. Rc5 Rb1 55. Rxd5 Rh1 56. Rxg5+ Kf7 57. Rxg4 Rxh2 58. Rxe4 Rh1 59. Rh4 h2 60. Kf3 Kg6 61. Kg2 Rg1+ 62. Kxh2 Rf1 63. Kg2 1-0

[Event "Istanbul Redbull Masters"]
[Site "Istanbul"]
[Date "2019.11.24"]
[Round "7.14"]
[White "Cil, Batuhan"]
[Black "Alak, Agdar"]
[Result "0-1"]
[WhiteElo "1737"]
[BlackElo "1482"]
[PlyCount "97"]
[EventDate "2019.11.23"]
[EventType "k.o."]
[EventRounds "8"]
[EventCountry "TUR"]
[SourceTitle "CBM 193 Extra"]
[Source "ChessBase"]
[SourceDate "2020.01.31"]
[SourceVersion "1"]
[SourceVersionDate "2020.01.31"]
[SourceQuality "1"]

1. e4 Nf6 2. e5 Nd5 3. Bc4 Nb6 4. Bb3 d5 5. d4 Nc6 6. c3 Bf5 7. g4 Be4 8. f3 Bg6 9. h4 h5 10. g5 e6 11. Nh3 Na5 12. Bc2 Bxc2 13. Qxc2 g6 14. Nf4 c5 15. Be3 Nac4 16. Bf2 Rc8 17. b3 Na5 18. dxc5 Nd7 19. Bd4 Qc7 20. b4 Nc4 21. 0-0 Bg7 22. Re1 0-0 23. Nd2 Ndxe5 24. Bxe5 Nxe5 25. Ng2 Rcd8 26. Kf2 b6 27. Nb3 Nd7 28. Rad1 bxc5 29. b5 c4 30. Nd4 Qb6 31. Kf1 Bxd4 32. Rxd4 Kh7 33. a4 Nc5 34. Nf4 Rfe8 35. Nxh5 Nd3 36. Nf6+ Kh8 37. Re2 e5 38. Rg4 Re6 39. h5 Rxf6 40. gxf6 Qxf6 41. Rf2 Nxf2 42. Qxf2 Kg7 43. hxg6 fxg6 44. Qxa7+ Kg8 45. Kg2 Rf8 46. Rg3 e4 47. Qc5 exf3+ 48. Kf2 Qf5 49. Qd4 0-1

[Event "Istanbul Redbull Masters"]
[Site "Istanbul"]
[Date "2019.11.24"]
[Round "2.6"]
[White "Tarlabasi, Emirhan"]
[Black "Alak, Agdar"]
[Result "1-0"]
[WhiteElo "2316"]
[BlackElo "1482"]
[PlyCount "63"]
[EventDate "2019.11.23"]
[EventType "k.o."]
[EventRounds "8"]
[EventCountry "TUR"]
[SourceTitle "CBM 193 Extra"]
[Source "ChessBase"]
[SourceDate "2020.01.31"]
[SourceVersion "1"]
[SourceVersionDate "2020.01.31"]
[SourceQuality "1"]

1. d4 d5 2. c4 e5 3. dxe5 d4 4. Nf3 Nc6 5. a3 Nge7 6. g3 Ng6 7. Bg2 Ngxe5 8. Nbd2 Be7 9. 0-0 0-0 10. b4 d3 11. Bb2 Bf6 12. Nxe5 Nxe5 13. Ne4 dxe2 14. Nxf6+ gxf6 15. Qxe2 Qd3 16. Qxd3 Nxd3 17. Bxf6 c6 18. Be4 Ne5 19. Bxe5 Re8 20. Rfe1 Be6 21. c5 Bd5 22. Bxd5 cxd5 23. Bf6 Re6 24. Rxe6 fxe6 25. f4 Kf7 26. Be5 h5 27. Kf2 a5 28. b5 Kg6 29. Ke3 Kf5 30. c6 bxc6 31. b6 d4+ 32. Kd2 1-0

[Event "TUR-chT Clubs"]
[Site "Konya"]
[Date "2019.07.18"]
[Round "5.15"]
[White "Alak, Agdar"]
[Black "Cora, Efe"]
[Result "1/2-1/2"]
[WhiteElo "1528"]
[BlackElo "1317"]
[PlyCount "56"]
[EventDate "2019.07.16"]
[EventType "team-swiss"]
[EventRounds "9"]
[EventCountry "TUR"]
[SourceTitle "CBM 191 Extra"]
[Source "ChessBase"]
[SourceDate "2019.09.30"]
[SourceVersion "1"]
[SourceVersionDate "2019.09.30"]
[SourceQuality "1"]
[WhiteTeam "Edeler Gorme Engelliler"]
[BlackTeam "Duzce Siyah Beyaz"]
[WhiteTeamCountry "TUR"]
[BlackTeamCountry "TUR"]

1. d4 Nf6 2. c4 g6 3. Nc3 Bg7 4. e4 d6 5. f3 0-0 6. Be3 Nbd7 7. Bd3 c5 8. Nge2 b6 9. 0-0 a6 10. Nd5 Bb7 11. Rc1 Rc8 12. Qd2 Nxd5 13. cxd5 cxd4 14. Nxd4 Nc5 15. Be2 Qd7 16. Bh6 b5 17. Bxg7 Kxg7 18. Bd1 b4 19. Be2 a5 20. Bb5 Qc7 21. Kh1 Qb6 22. b3 Rc7 23. Bc4 Rfc8 24. h3 Ba6 25. Bxa6 Nxa6 26. Rc6 Rxc6 27. Nxc6 Rc7 28. g4 Nb8 1/2-1/2

[Event "TUR-chT2"]
[Site "Konya"]
[Date "2017.07.15"]
[Round "9.24"]
[White "Alak, Agdar"]
[Black "Hazar, Battal"]
[Result "0-1"]
[WhiteElo "1489"]
[BlackElo "1383"]
[PlyCount "130"]
[EventDate "2017.07.09"]
[EventType "team-swiss"]
[EventRounds "9"]
[EventCountry "TUR"]
[SourceTitle "CBM 179 Extra"]
[Source "ChessBase"]
[SourceDate "2017.08.23"]
[SourceVersion "1"]
[SourceVersionDate "2017.08.23"]
[SourceQuality "1"]
[WhiteTeam "Genclik Sivas Analiz"]
[BlackTeam "Nigde"]
[WhiteTeamCountry "TUR"]
[BlackTeamCountry "TUR"]

1. e4 e5 2. Nf3 Nc6 3. Bb5 Bc5 4. 0-0 d6 5. d4 exd4 6. Nxd4 Bd7 7. c3 Nf6 8. Bg5 0-0 9. Bxc6 Bxc6 10. Nxc6 bxc6 11. Qf3 Re8 12. b4 Bb6 13. Nd2 Re6 14. a4 a5 15. Nc4 Qe8 16. Bxf6 Rxf6 17. Qd3 Re6 18. Nxb6 cxb6 19. f3 Qb8 20. b5 cxb5 21. Qxb5 Re5 22. Qb3 Qc7 23. Rab1 Rb8 24. Rfd1 Rc5 25. Rd3 Qc6 26. Rbd1 Rd8 27. Rc1 Rc8 28. h3 g6 29. Kh1 Rc4 30. Rb1 Ra8 31. Rbd1 Qxa4 32. Qxa4 Rxa4 33. Rxd6 Rc4 34. Rb1 Rxc3 35. Rdxb6 Re8 36. R6b3 Rxb3 37. Rxb3 a4 38. Ra3 Kg7 39. Kg1 Kf6 40. Kf2 Ke5 41. Ke3 h5 42. f4+ Ke6 43. Kd4 h4 44. Kc3 Rc8+ 45. Kb4 Rc2 46. g3 hxg3 47. Rxg3 Re2 48. e5 Re4+ 49. Ka3 Rxf4 50. Re3 Kf5 51. Kb2 Re4 52. Rf3+ Rf4 53. Re3 Ke6 54. Ka2 Kd7 55. Kb2 Rb4+ 56. Ka2 Rb3 57. Re2 Rxh3 58. Rf2 Ke6 59. Rf6+ Ke7 60. Ra6 Rh4 61. Kb2 Rc4 62. Rf6 g5 63. Rf5 g4 64. Ka3 Re4 65. Rg5 Ke6 0-1

[Event "TUR-chT2"]
[Site "Konya"]
[Date "2017.07.11"]
[Round "4.20"]
[White "Alak, Agdar"]
[Black "Civas, Ege Noyan"]
[Result "1/2-1/2"]
[WhiteElo "1489"]
[BlackElo "1621"]
[PlyCount "139"]
[EventDate "2017.07.09"]
[EventType "team-swiss"]
[EventRounds "9"]
[EventCountry "TUR"]
[SourceTitle "CBM 179 Extra"]
[Source "ChessBase"]
[SourceDate "2017.08.23"]
[SourceVersion "1"]
[SourceVersionDate "2017.08.23"]
[SourceQuality "1"]
[WhiteTeam "Genclik Sivas Analiz"]
[BlackTeam "Sinop Kultur"]
[WhiteTeamCountry "TUR"]
[BlackTeamCountry "TUR"]

1. e4 d5 2. exd5 Nf6 3. d4 Bg4 4. Be2 Bxe2 5. Nxe2 Qxd5 6. 0-0 Nc6 7. Nbc3 Qh5 8. h3 0-0-0 9. Be3 g5 10. Ng3 Qg6 11. Qf3 e6 12. Nge4 Nxe4 13. Nxe4 Be7 14. c3 f5 15. Nc5 Bxc5 16. dxc5 g4 17. hxg4 Ne5 18. Qf4 Nxg4 19. Qg5 Nxe3 20. Qxg6 hxg6 21. fxe3 Rd5 22. c4 Rxc5 23. b3 Re5 24. Kf2 Re4 25. Rh1 Reh4 26. Rxh4 Rxh4 27. Rd1 g5 28. Kf3 b6 29. Rd2 Kb7 30. Rd7 Kc6 31. Rg7 Rh5 32. a3 a5 33. Rg6 Kd6 34. b4 axb4 35. axb4 c6 36. c5+ bxc5 37. bxc5+ Kd5 38. g3 g4+ 39. Kg2 Rh8 40. e4+ Kxc5 41. Rxe6 fxe4 42. Rxe4 Rg8 43. Kf2 Kd5 44. Ke3 c5 45. Kd3 Rg5 46. Rf4 Rg8 47. Rf5+ Kd6 48. Kc4 Ra8 49. Rg5 Ra4+ 50. Kb3 Rb4+ 51. Kc3 Kc6 52. Rg8 Re4 53. Rc8+ Kb6 54. Kd3 Ra4 55. Ke2 Kb5 56. Rg8 Rd4 57. Ra8 Kb4 58. Ra1 Kb3 59. Rc1 Rc4 60. Ra1 Rb4 61. Kd2 Kb2 62. Ra5 c4 63. Rc5 Kb3 64. Rc8 Rb7 65. Rg8 Kb2 66. Rxg4 c3+ 67. Ke3 c2 68. Rc4 Rb3+ 69. Kf2 Rxg3 70. Rxc2+ 1/2-1/2

[Event "TUR-chT2"]
[Site "Konya"]
[Date "2017.07.10"]
[Round "2.20"]
[White "Alak, Agdar"]
[Black "Asikoglu, Engin Can"]
[Result "0-1"]
[WhiteElo "1489"]
[BlackElo "1346"]
[PlyCount "102"]
[EventDate "2017.07.09"]
[EventType "team-swiss"]
[EventRounds "9"]
[EventCountry "TUR"]
[SourceTitle "CBM 179 Extra"]
[Source "ChessBase"]
[SourceDate "2017.08.23"]
[SourceVersion "1"]
[SourceVersionDate "2017.08.23"]
[SourceQuality "1"]
[WhiteTeam "Genclik Sivas Analiz"]
[BlackTeam "Koy Hizmetleri Kastamonu"]
[WhiteTeamCountry "TUR"]
[BlackTeamCountry "TUR"]

1. g3 c5 2. Bg2 d5 3. Nf3 Nf6 4. 0-0 e6 5. b3 Nc6 6. Bb2 Bd6 7. e3 b6 8. d4 Bb7 9. Nbd2 cxd4 10. exd4 Rc8 11. c4 Ba6 12. Re1 0-0 13. Rb1 Nb4 14. a3 Nd3 15. Re3 Nxb2 16. Rxb2 dxc4 17. Nxc4 Bxc4 18. bxc4 Rxc4 19. Qd3 Ra4 20. Rb3 Nd5 21. Re2 h6 22. Ne5 Ne7 23. Nc6 Nxc6 24. Bxc6 Ra5 25. Rc2 Qe7 26. a4 Rg5 27. Rb5 e5 28. Rd2 Qc7 29. d5 Bc5 30. a5 Rd8 31. Qe4 Bd4 32. a6 f5 33. Qc2 f4 34. Rb3 h5 35. Bb7 Qd7 36. Kg2 Bc5 37. Qe4 Rf8 38. Bc6 Qd6 39. Rf3 h4 40. h3 fxg3 41. Qxh4 gxf2+ 42. Qxg5 Rxf3 43. Kf1 Rxh3 44. Rxf2 Bxf2 45. Kxf2 Qc5+ 46. Kg2 Rd3 47. Qd8+ Qf8 48. Qxf8+ Kxf8 49. Kf2 Ke7 50. Ke2 Rd4 51. Ke3 Kd6 0-1

[Event "TUR-chT2"]
[Site "Konya"]
[Date "2017.07.09"]
[Round "1.19"]
[White "Melik, Enes"]
[Black "Alak, Agdar"]
[Result "0-1"]
[WhiteElo "1435"]
[BlackElo "1489"]
[PlyCount "126"]
[EventDate "2017.07.09"]
[EventType "team-swiss"]
[EventRounds "9"]
[EventCountry "TUR"]
[SourceTitle "CBM 179 Extra"]
[Source "ChessBase"]
[SourceDate "2017.08.23"]
[SourceVersion "1"]
[SourceVersionDate "2017.08.23"]
[SourceQuality "1"]
[WhiteTeam "Sakarya Buyuksehir"]
[BlackTeam "Genclik Sivas Analiz"]
[WhiteTeamCountry "TUR"]
[BlackTeamCountry "TUR"]

1. e4 e5 2. Nf3 Nc6 3. Bc4 Bc5 4. 0-0 Nf6 5. d3 h6 6. c3 d6 7. Be3 Bb6 8. b4 0-0 9. a4 Bxe3 10. fxe3 Bg4 11. Nbd2 d5 12. exd5 Nxd5 13. Qe1 Nxc3 14. e4 Nxb4 15. Nb3 Nc2 16. Qxc3 Nxa1 17. Qxa1 Bxf3 18. Rxf3 Qd6 19. Rf5 Rae8 20. Nd2 g6 21. Rf2 Kg7 22. Nf3 f6 23. Qb2 Qb6 24. Qe2 f5 25. exf5 Rxf5 26. Kh1 Qb1+ 27. Rf1 Qb6 28. h3 Qd6 29. Qe4 c6 30. Re1 Qc5 31. Nh4 Rf6 32. Ba2 Qf2 33. Bc4 Qf4 34. Nf3 Qxe4 35. Rxe4 Rf4 36. Rxe5 Rxe5 37. Nxe5 Rf1+ 38. Kh2 Ra1 39. Bb3 Ra3 40. Bc2 Rc3 41. Bb1 b5 42. axb5 cxb5 43. d4 b4 44. d5 Rc1 45. Bd3 Kf6 46. d6 b3 47. d7 Ke7 48. Bb5 b2 49. Nxg6+ Kd8 50. Ne5 Rd1 51. Bd3 b1Q 52. Bxb1 Rxb1 53. Kg3 Rd1 54. Kg4 h5+ 55. Kf5 h4 56. Ke6 Re1 57. Kd5 Rxe5+ 58. Kxe5 Kxd7 59. Kd5 Ke7 60. Kc5 Ke6 61. Kb5 Ke5 62. Ka6 Kf4 63. Kxa7 Kg3 0-1